Statistiques concernant Nommez cette période historique

Cliquez ici pour prendre le quiz!

Statistiques générales

  • Ce quiz a été pris 167 fois
    (144 depuis la dernière actualisation)
  • Le résultat moyen est 8 sur 15

Statistiques - réponses

IndicePériode% Correct
Entre la chute de l'Empire romain d'Occident et la découverte de l'AmériqueLe Moyen-Âge
86%
Période de redécouverte des arts antiques puis d'innovation dans ces artsLa Renaissance
82%
Période de l'histoire française abolissant la monarchie absolue et amenant à la RépubliqueLa Révolution française
74%
Période s'étalant de l'apparition d'une espèce en Éthiopie et s'achevant dans le Croissant fertileLa Préhistoire
73%
Période suivant la première période à trouver et marquant l'entrée de l'Homme dans l'HistoireL'Antiquité
63%
Période de conflits aux États-Unis opposant les États du Sud, esclavagistes aux États du Nord, principalement libresLa Guerre de Sécession
62%
A partir de la fin du XVIIIè siècle en Angleterre, au début du XIXè siècle en France, Belgique et Suisse et dans le reste de l'Europe au cours du XIXè siècleLa Révolution industrielle
55%
Période de 30 ans avec une forte croissance en FranceLes 30 Glorieuses
50%
Vingt années séparant les deux guerres les plus meurtrières de l'Histoire de l'HommeL'entre-deux-guerres
45%
Période correspondant à peu près à ^^ mais sur un temps plus court et avec une intense activité sociale, culturelle et artistiqueLes années folles
44%
Période du 1er mars 1815 au 7 juillet 1815, en FranceLes Cent-Jours
38%
Période connue par le jeune Louis XIV et en proie à de vives tensions en FranceLa Fronde
35%
Période dans laquelle nous nous trouvonsL'Époque contemporaine
30%
Période durant laquelle de très nombreuses découvertes permirent aux contemporains de cette époque de découvrir de nouveaux territoiresLes Grandes Découvertes
25%
Période sombre politiquement parlant de l'histoire parisienne de 2 mois, se terminant par la "Semaine sanglante"La Commune de Paris
24%

Distribution des résultats

Percentile par nombre de réponses

% des personnes avec chaque résultat

Votre développement - résultats

Vous n’avez pas pris ce quiz depuis la dernière actualisation